Il libro bianco : seguito da quattordici testi erotici inediti : con diciotto disegni /

সংরক্ষণ করুন:
গ্রন্থ-পঞ্জীর বিবরন
প্রধান লেখক: Cocteau, Jean (লেখক)
অন্যান্য লেখক: Rossi Testa, Roberto, Milorad
বিন্যাস: গ্রন্থ
ভাষা:ইতালিয়
প্রকাশিত: Milano, ES ,\2000!
মালা:Biblioteca dell'eros ; _______104
ট্যাগগুলো: ট্যাগ যুক্ত করুন
কোনো ট্যাগ নেই, প্রথমজন হিসাবে ট্যাগ করুন!

MARC

LEADER 00000nam a22000007i 4500
001 IT\ICCU\TO0\0832961
003 ItRI
005 20260225170252.0
008 000410s2000 it |||||| ||||| |||||c
020 |a 8886534949 
040 |b ita  |c ARCIGAY RIMINI 
041 7 |a ita  |2 ISO-639-2 
100 1 |a Cocteau, Jean  |0 IT\ICCU\CFIV\020964  |4 aut 
240 1 3 |a Le livre blanc  |9 Cocteau, Jean 
245 1 3 |a Il libro bianco :  |b seguito da quattordici testi erotici inediti : con diciotto disegni /  |c Jean Cocteau ; traduzione di Roberto Rossi Testa ; con uno scritto di Milorad. 
260 |a Milano,  |c ES ,\2000! 
300 |a 131 p. :  |b dis. ;  |c 22 cm 
500 |a Nelle poesie inedite testo orig. a fronte. 
700 1 |a Rossi Testa, Roberto  |0 IT\ICCU\RAVV\060725 
700 0 |a Milorad  |0 IT\ICCU\TO0V\350481 
830 0 |a Biblioteca dell'eros ;  |v _______104  |0 IT\ICCU\RAV\0141351 
942 |2 ddc  |c BK 
952 |0 0  |1 0  |2 ddc  |4 0  |6 843_912000000000000_COC_LIB  |7 1  |9 3417  |a RN  |b RN  |d 2025-02-23  |l 0  |o 843.912 COC LIB  |p 10676  |r 2025-02-23 16:08:27  |w 2025-02-23  |x Donazione di Giovanni Rimondini  |y BK  |z Donazione di Giovanni Rimondini 
952 |0 0  |1 0  |4 0  |6 DOC_843_912000000000000_COC  |7 0  |9 17903  |a BO  |b BO  |d 2026-01-15  |i 14869  |l 0  |o DOC 843.912 COC  |p BO14869  |r 2026-01-15 23:19:48  |w 2026-01-15  |x [Sebina 5] [1 v.]  |y BK  |z 1 v. 
999 |c 2708  |d 2708